Statistics for Eurovision 2023 top 5

Click here to take the quiz!

General Stats

  • This quiz has been taken 73 times
  • The average score is 5 of 5

Answer Stats

#Country% Correct
2Finland
100%
1Sweden
99%
3Israel
96%
4Italy
91%
5Norway
87%

Score Distribution

Percentile by Number Answered

Percent of People with Each Score

Your Score History

You have not taken this quiz